L' eglise catholique en France : approches sociologiques

Saved in:
Bibliographic Details
Main Author: Potel, Julien
Format: Book
Language:French
Published: Paris : Desclee de Brouwer, 1994.
Series:Petite encyclopedie moderne du Christianisme
Subjects:
Tags: Add Tag
No Tags, Be the first to tag this record!

MARC

LEADER 00000cam a2200000 i 4500
001 1/81392
008 990518s1994 fr | ||| |||| ||fre||
020 |a 2220032701 
035 |l 10050872 
040 |a GR-MyUa  |b gre  |e AACR2 
041 0 |a fre 
082 7 |a 282.44   |2 (22) 
100 1 |a Potel, Julien. 
245 1 0 |a L' eglise catholique en France :   |b approches sociologiques /   |c Julien Potel. 
260 |a Paris :   |b Desclee de Brouwer,   |c 1994. 
300 |a 222 σ. :   |b πίν. ;   |c 22 εκ. 
490 1 |a (Petite encyclopedie moderne du Christianisme) 
504 |a Περιλαμβάνει βιβλιογραφικές παραπομπές. 
610 2 0 |a Catholic Church  |z France. 
650 0 |a Christian sociology  |z France. 
830 0 |a Petite encyclopedie moderne du Christianisme 
852 |a INST  |b LESVOS  |e 19990518  |h 282.44 POT  |p 005100021313  |q 005100021313  |t BK  |y 0 
901 |a BIBL1-2000-2 
922 |a 1ΕΛΗ  |b 199812  |c ΚΠΣ/ΤΚ  |d ΠΑΠΑΣΩΤΗΡΙΟΥ 
950 |a 103-1998-07-27 
970 |z 2000/08/ELIDOC